Argia 4. Erlijio katolikoa. Gida didaktikoa

Saved in:
Bibliographic Details
Main Author: Bueno Heras, Carmelo García Franco, Pedro Mari Pérez Landáburu, Encarnación y otros
Format: Unknown
Language:Spanish
Published: Bilbao Bruño 1993
Textbook Catalogue:MANES:  Library Catalog Search Result
Textbook Classification:
Tags: Add Tag
No Tags, Be the first to tag this record!
Added to:2016-04-26

MARC

LEADER 000000000a22000000004500
001 03897
003 OSt
008 160427s sp ||||| |||| 00| 0 spa d
040 |c centro_manes 
041 1 |b aq 
691 7 |a PRI 
100 1 |a Bueno Heras, Carmelo  |9 97  |a García Franco, Pedro Mari  |9 149  |a Pérez Landáburu, Encarnación y otros  |9 593 
245 0 0 |a Argia 4. Erlijio katolikoa. Gida didaktikoa 
260 3 |a Bilbao  |b Bruño  |c 1993 
300 |a 213 p.  |c 29x21 cm 
500 |a Fecha de publicación tomada del Depósito Legal 
690 7 |a RyM 
942 |2 ddc  |c BK 
546 |a España 
999 |c 9871  |d 9871 
999 |c manes:9871  |d 9871